00844cam a22002411 450000100060000000300080000600500170001400800390003103500190007003500190008904000440010804100080015208200210016010000410018124500960022226000620031830000300038050000210041050400480043165000250047965100490050465100490055325609BD-RjUL20211209050913.0140318r19661919nyu 001 0 eng a(BD-RjUL)25679 a(OCoLC)1940367 aDLCcOCUdOCUdOCoLCdDLCdBD-RjULbeng aeng04a943.08bDAG 19661 aDawson, William Harbutt,d1860-1948.14aThe German empire, 1867-1914, and the unity movement /cby William Harbutt Dawson.nVol. I. aLondon :bGeorge Allen & Unwin,c1919 [Impression 1966]. axx, 479, [1] p. ;c23 cm. a"In Two Volumes" aincludes bibliographical references index. a Political science.  0aGermanyxPolitics and governmenty1866-1871. 0aGermanyxPolitics and governmenty1871-1918.